<?xml version='1.0' encoding='UTF-8'?>
  <record xmlns="http://www.loc.gov/MARC21/slim">
    <leader>00000cam a22000007i 4500</leader>
    <controlfield tag="001">ocm67809162</controlfield>
    <controlfield tag="003">OCoLC</controlfield>
    <controlfield tag="005">20250724062050.3</controlfield>
    <controlfield tag="008">990308s1588    gw            000 0 ger d</controlfield>
    <datafield tag="040" ind1=" " ind2=" ">
      <subfield code="a">NLGGC</subfield>
      <subfield code="b">eng</subfield>
      <subfield code="e">rda</subfield>
      <subfield code="e">dcrmr</subfield>
      <subfield code="c">NLGGC</subfield>
      <subfield code="d">QGJ</subfield>
      <subfield code="d">OCLCO</subfield>
      <subfield code="d">OCLCL</subfield>
      <subfield code="d">QGJ</subfield>
    </datafield>
    <datafield tag="029" ind1="0" ind2=" ">
      <subfield code="a">NLGGC</subfield>
      <subfield code="b">18095427X</subfield>
    </datafield>
    <datafield tag="035" ind1=" " ind2=" ">
      <subfield code="a">(OCoLC)67809162</subfield>
    </datafield>
    <datafield tag="041" ind1="0" ind2=" ">
      <subfield code="a">ger</subfield>
      <subfield code="a">lat</subfield>
    </datafield>
    <datafield tag="100" ind1="1" ind2=" ">
      <subfield code="a">Utzinger, Alexander,</subfield>
      <subfield code="d">-1591,</subfield>
      <subfield code="e">author.</subfield>
      <subfield code="4">aut</subfield>
    </datafield>
    <datafield tag="245" ind1="1" ind2="0">
      <subfield code="a">Notwendige errinnerung von dem grossen Abfalle vnd geringer bestendigkeit, so sich newlich in der Franckischen Verfolgung ereugnet. :</subfield>
      <subfield code="b">Sampt kurtzer vnd einfeltiger erörterung vier fürnemer Fragen auff die vermeidung des Bapstumbs vnd den Abfall gerichtet. Zu weiterm bericht .vnd warnung, alle so vmb des heiligen Euangelij willen verfolget, vnd das leidige Baptstumb widerumb anzunemen genötiget werden. Item vom frechen stoltzen Lorberbawm im Franckenlande, aus dem 37. Psalm. Mit angehengter kurtzer erwehnung der newlich zu Würtzburgk verbrachten Jüdentauffe. /</subfield>
      <subfield code="c">durch M. Alexandrum Vtzingern.</subfield>
    </datafield>
    <datafield tag="246" ind1="1" ind2="0">
      <subfield code="a">Notwendige erinnerung von dem grossen Abfalle und geringer bestendigkeit, so sich newlich in der Fränckischen Verfolgung ereugnet</subfield>
    </datafield>
    <datafield tag="264" ind1=" " ind2="1">
      <subfield code="a">Gedruckt zu Schmalkalden, :</subfield>
      <subfield code="b">Bey Michel Schmück.,</subfield>
      <subfield code="c">M. D. LXXXXVIII. [1588]</subfield>
    </datafield>
    <datafield tag="300" ind1=" " ind2=" ">
      <subfield code="a">[87] pages ;</subfield>
      <subfield code="c">20 cm (4to)</subfield>
    </datafield>
    <datafield tag="336" ind1=" " ind2=" ">
      <subfield code="a">text</subfield>
      <subfield code="b">txt</subfield>
      <subfield code="2">rdacontent</subfield>
    </datafield>
    <datafield tag="337" ind1=" " ind2=" ">
      <subfield code="a">unmediated</subfield>
      <subfield code="b">n</subfield>
      <subfield code="2">rdamedia</subfield>
    </datafield>
    <datafield tag="338" ind1=" " ind2=" ">
      <subfield code="a">volume</subfield>
      <subfield code="b">nc</subfield>
      <subfield code="2">rdacarrier</subfield>
    </datafield>
    <datafield tag="340" ind1=" " ind2=" ">
      <subfield code="m">4to</subfield>
      <subfield code="2">rdabf</subfield>
    </datafield>
    <datafield tag="500" ind1=" " ind2=" ">
      <subfield code="a">Imprint: M. D. LXXXXVIII.</subfield>
    </datafield>
    <datafield tag="500" ind1=" " ind2=" ">
      <subfield code="a">Place of publicaton and printer's name from colophon, which reads: Gedruckt zu Schmalkalden, Bey Michel Schmück. 1588.</subfield>
    </datafield>
    <datafield tag="500" ind1=" " ind2=" ">
      <subfield code="a">Initials.</subfield>
    </datafield>
    <datafield tag="500" ind1=" " ind2=" ">
      <subfield code="a">Signatures: )(⁴ ()⁴ A-I⁴; I4v is blank.</subfield>
    </datafield>
    <datafield tag="500" ind1=" " ind2=" ">
      <subfield code="a">Contains also a contribution in Latin by Bartholomäus Hesse.</subfield>
    </datafield>
    <datafield tag="505" ind1="0" ind2="0">
      <subfield code="g">Contains also:</subfield>
      <subfield code="t">Fier nötige Fragen kürzlich erledigt, auff die vermeidung des Bapstumb vnd den Abfall gerichtet --</subfield>
      <subfield code="t">Vom frechen stoltzen Lorberbaum im Franckenland.</subfield>
    </datafield>
    <datafield tag="510" ind1="4" ind2=" ">
      <subfield code="a">Verzeichnis der im deutschen Sprachbereich erschienenen Drucke des 16. Jahrhunderts (VD 16),</subfield>
      <subfield code="c">U 413</subfield>
      <subfield code="u">https://gateway-bayern.de/VD16+U+413</subfield>
    </datafield>
    <datafield tag="510" ind1="4" ind2=" ">
      <subfield code="3">Utzinger, Alexander. Kurze und einfältige Erörterung vier fürnehmer Fragen auf die Vermeidung des Papstums und den Abfall gerichtet:</subfield>
      <subfield code="a">Verzeichnis der im deutschen Sprachbereich erschienenen Drucke des 16. Jahrhunderts (VD 16),</subfield>
      <subfield code="c">U 411</subfield>
      <subfield code="u">https://gateway-bayern.de/VD16+U+411</subfield>
    </datafield>
    <datafield tag="510" ind1="4" ind2=" ">
      <subfield code="3">Utzinger, Alexander. Vom Christenbaum im Frankenland:</subfield>
      <subfield code="a">Verzeichnis der im deutschen Sprachbereich erschienenen Drucke des 16. Jahrhunderts (VD 16),</subfield>
      <subfield code="c">U 422</subfield>
      <subfield code="u">https://gateway-bayern.de/VD16+U+422</subfield>
    </datafield>
    <datafield tag="700" ind1="1" ind2="2">
      <subfield code="i">Container of (work):</subfield>
      <subfield code="a">Utzinger, Alexander,</subfield>
      <subfield code="d">-1591.</subfield>
      <subfield code="t">Kurze und einfältige Erörterung vier fürnehmer Fragen auf die Vermeidung des Papstums und den Abfall gerichtet.</subfield>
    </datafield>
    <datafield tag="700" ind1="1" ind2=" ">
      <subfield code="i">Container of (work):</subfield>
      <subfield code="a">Utzinger, Alexander,</subfield>
      <subfield code="d">-1591.</subfield>
      <subfield code="t">Vom Christenbaum im Frankenland.</subfield>
    </datafield>
    <datafield tag="700" ind1="1" ind2=" ">
      <subfield code="a">Hesse, Bartholomäus,</subfield>
      <subfield code="d">1556-1611,</subfield>
      <subfield code="e">contributor.</subfield>
      <subfield code="4">ctb</subfield>
    </datafield>
    <datafield tag="700" ind1="1" ind2=" ">
      <subfield code="a">Schmuck, Michael,</subfield>
      <subfield code="d">1535-1606,</subfield>
      <subfield code="e">printer.</subfield>
      <subfield code="4">prt</subfield>
      <subfield code="1">https://id.oclc.org/worldcat/entity/E39PBJhhkMPjXvhFCRMV9Bwgrq</subfield>
    </datafield>
    <datafield tag="752" ind1=" " ind2=" ">
      <subfield code="a">Germany</subfield>
      <subfield code="d">Schmalkalden,</subfield>
      <subfield code="e">publication place.</subfield>
      <subfield code="4">pup</subfield>
    </datafield>
    <datafield tag="758" ind1=" " ind2=" ">
      <subfield code="i">has work:</subfield>
      <subfield code="a">Notwendige errinnerung Von dem grossen Abfalle und geringer bestendigkeit, so sich newlich in der Fränckischen Verfolgung ereugnet (Text)</subfield>
      <subfield code="1">https://id.oclc.org/worldcat/entity/E39PCYRgxH3VYYpWcmjGr9gk6q</subfield>
      <subfield code="4">https://id.oclc.org/worldcat/ontology/hasWork</subfield>
    </datafield>
  </record>